000 00864nam a22002777a 4500
003 CHAP
005 20220329141622.0
008 971013s1951 r 00010 d
010 _a71136
011 _a72108
035 _a81662
040 _cCHAP
082 _a338.17373
_bB3
110 _aBanco de Fomento Agrícola e Industrial de Cuba
_99825
245 _aLibro blanco de la Comisión Técnica del Café
260 _aLa Habana :
_bEl Banco,
_c1951
300 _a667 p.
590 _aBATCH-UPD
_b10
_c20130110
_lUCH01
_h2123
590 _aBATCH-UPD
_b10
_c20130410
_lUCH01
_h1432
590 _aBATCH-UPD
_b10
_c20130914
_lUCH01
_h0811
590 _aCONVERSION
_b10
_c20130109
_lUCH01
_h1339
650 1 4 _aCafé
_xAspectos económicos
_xCuba.
_917099
901 _aBK
942 _cLIBRO
949 _a338.17373 B3
_bBC
_cLIBRO
_d33724000807467
_eLIBRO
_h5759
_i81662
_sb
999 _c71136
_d71136